00848cam a22002411i 4500001001300000003000400013005001700017008004100034010001700075035001900092040001700111041001300128042001200141050001900153100003200172240003000204245006700234260004500301300002100346505018100367700004100548999001700589ca 30000257 DLC20260227111122.0770627s1928 pl 000 0 pol  aca 30000257  a(OCoLC)3076712 aDLCcOTdDLC1 apolheng apremarc00aPR6005.O4bW551 aConrad, Joseph,d1857-1924.10aWithin the tides.lPolish10aWśród prądów /cprzełożyła Teresa Tatarkiewiczowa. aWarszawa :bDom ksiazki polskiej,c1928. a229 p. ;c21 cm.0 aPlantator z Malaty (The planter of Malata)- Wspólnik (The partner)- Gospoda pod "Dwiema Wiedźmami" (The inn of the two witches)- Z powodu dolarów (Because of the dollars)1 aTatarkiewiczowa, Teresa,d1892-1979. c16596d16596